[Event "FIN-ch"]
[Site "Helsinki"]
[Date "2011.06.11"]
[Round "1"]
[White "Nouro, Mikael"]
[Black "Laine, Panu"]
[Result "1-0"]
[WhiteElo "2340"]
[BlackElo "2204"]
[PlyCount "113"]
[EventDate "2011.06.11"]
[EventType "tourn"]
[EventRounds "9"]
[EventCountry "FIN"]
[SourceTitle "EXT 2022"]
[Source "ChessBase"]
[SourceDate "2021.10.06"]
[SourceVersion "1"]
[SourceVersionDate "2021.10.06"]
[SourceQuality "1"]

1. Nf3 d5 2. g3 Nf6 3. Bg2 e6 4. 0-0 Be7 5. d3 0-0 6. Nbd2 c5 7. e4 Nc6 8. Re1 b5 9. c4 bxc4 10. exd5 exd5 11. dxc4 Rb8 12. cxd5 Nxd5 13. Ne4 Bf5 14. Nh4 Be6 15. Qh5 Nd4 16. Ng5 Nf6 17. Nxe6 Nxh5 18. Nxd8 Bxd8 19. Re5 Nc2 20. Rb1 Na3 21. Ra1 Nc2 22. Rb1 Na3 23. Rxh5 Nxb1 24. Be4 g6 25. Rxc5 Bb6 26. Rc2 Rbc8 27. Bh6 Rxc2 28. Bxc2 Rd8 29. Nf3 Ba5 30. Bg5 Rd5 31. Bb3 Rd3 32. Ne5 Rxb3 33. axb3 Nd2 34. Bxd2 Bxd2 35. Kf1 Ba5 36. Ke2 Bb6 37. f3 Bg1 38. h3 f6 39. Nc6 Kf7 40. Kd3 Ke6 41. Kc4 Kd6 42. Nd4 h5 43. b4 Bf2 44. Ne2 g5 45. g4 h4 46. f4 Bb6 47. Kd3 Kd5 48. Nc3+ Ke6 49. Ke4 Bg1 50. Ne2 Bb6 51. Nd4+ Kd6 52. Nf3 Bd8 53. Kf5 Kd5 54. fxg5 fxg5 55. Nxg5 Kc4 56. Nf7 Bb6 57. g5 1-0

[Event "FIN-chT1A 1011"]
[Site "Finland"]
[Date "2011.02.12"]
[Round "7.1"]
[White "Nouro, Mikael"]
[Black "Nevanlinna, Risto"]
[Result "1/2-1/2"]
[WhiteElo "2335"]
[BlackElo "2256"]
[PlyCount "125"]
[EventDate "2010.09.18"]
[EventType "team-tourn"]
[EventRounds "9"]
[EventCountry "FIN"]
[SourceTitle "EXT 2022"]
[Source "ChessBase"]
[SourceDate "2021.10.06"]
[SourceVersion "1"]
[SourceVersionDate "2021.10.06"]
[SourceQuality "1"]
[WhiteTeam "Helsinki Garde"]
[BlackTeam "Jyvaskyla JyS"]
[WhiteTeamCountry "FIN"]
[BlackTeamCountry "FIN"]

1. e4 c5 2. c3 g6 3. d4 cxd4 4. cxd4 d5 5. e5 Nc6 6. Nc3 Bg7 7. h3 f6 8. exf6 exf6 9. Nf3 Nge7 10. Bb5 0-0 11. 0-0 Be6 12. Re1 Bf7 13. Bf4 Re8 14. Qd2 Qb6 15. Bf1 a6 16. Na4 Qa7 17. Nc5 Nf5 18. Rec1 Bf8 19. Nd7 Re6 20. Nxf8 Rxf8 21. Rd1 Rfe8 22. g4 Nd6 23. Bxd6 Rxd6 24. Re1 Re4 25. Rad1 Kg7 26. Re3 g5 27. Bd3 Rxe3 28. fxe3 Bg6 29. h4 Bxd3 30. Qxd3 h6 31. Rc1 Qb8 32. h5 Qe8 33. Kf2 Re6 34. Nd2 f5 35. Nf1 fxg4 36. Ng3 Rf6+ 37. Kg2 Qf7 38. Rf1 Ne7 39. Rxf6 Qxf6 40. e4 dxe4 41. Qxe4 Qc6 42. Qxc6 bxc6 43. Ne4 Nf5 44. Nc5 a5 45. Nb3 a4 46. Nc5 Nxd4 47. Nxa4 Kf6 48. Nc5 Ne6 49. Nd7+ Kf5 50. a4 Nf4+ 51. Kf2 Ke6 52. Nc5+ Kd5 53. b4 Kc4 54. a5 Kb5 55. Kg3 Nxh5+ 56. Kxg4 Nf6+ 57. Kf5 Nd5 58. Nd3 Nc7 59. Ne5 Na6 60. Kg6 Nxb4 61. Kxh6 c5 62. Kxg5 Nc6 63. a6 1/2-1/2